| 000 | 00364 a2200133 4500 | ||
|---|---|---|---|
| 001 | 91538 | ||
| 082 | _aPR 1494 | ||
| 090 |
_c43674 _d43673 |
||
| 100 | _aFarrukh Javed; Prof Shakeel Alvi, Advisor | ||
| 245 |
_aDesign and Development of Control Unit of Radar Decoy _n56 "B" EC |
||
| 260 |
_aRawalpindi _bNUST _c2002 |
||
| 300 | _a72p | ||
| 500 | _aBE Project Reports | ||
| 942 |
_aCAE NUST _kPR 1494 |
||
| 999 |
_c326611 _d326611 |
||